Statistics for Countries of the World - Tile Select #7

Click here to take the quiz!

General Stats

  • This quiz has been taken 75 times
  • The average score is 60 of 80

Answer Stats

QuestionTileSelect% Correct
Countries with a capital beginning with "Port" (or a variation)FijiNo
100%
Countries with a capital beginning with "Port" (or a variation)TurkeyNo
100%
Countries with a capital beginning with "Port" (or a variation)AlbaniaNo
99%
Countries with a capital beginning with "Port" (or a variation)MoroccoNo
99%
Countries with a capital beginning with "Port" (or a variation)New ZealandNo
99%
Countries with a crescent on their flagNicaraguaNo
97%
Countries with a capital beginning with "Port" (or a variation)PortugalNo
97%
Countries with a capital beginning with "Port" (or a variation)HaitiYes
96%
Countries with a capital beginning with "Port" (or a variation)ComorosNo
94%
Countries with a crescent on their flagGeorgiaNo
94%
Countries that have entirely abolished capital punishmentSudanNo
93%
Countries that generate nuclear powerColombiaNo
92%
Countries with a capital beginning with "Port" (or a variation)PalauNo
92%
Countries with a crescent on their flagPapua New GuineaNo
92%
Countries with a crescent on their flagTurkeyYes
92%
Countries that generate nuclear powerAlgeriaNo
90%
Countries with a capital beginning with "Port" (or a variation)BahamasNo
90%
Countries that have entirely abolished capital punishmentChinaNo
90%
Countries with a crescent on their flagPakistanYes
90%
Countries with a crescent on their flagPhilippinesNo
90%
Countries that have entirely abolished capital punishmentUSANo
90%
Countries that have entirely abolished capital punishmentBelarusNo
89%
Countries that generate nuclear powerEgyptNo
89%
Countries with a crescent on their flagTunisiaYes
89%
Countries that generate nuclear powerAfghanistanNo
87%
Countries that have entirely abolished capital punishmentDenmarkYes
87%
Countries that generate nuclear powerNigeriaNo
87%
Countries with a capital beginning with "Port" (or a variation)Papua New GuineaYes
87%
Countries that generate nuclear powerRussiaYes
87%
Countries that generate nuclear powerUSAYes
87%
Countries with a crescent on their flagAlgeriaYes
86%
Countries with a capital beginning with "Port" (or a variation)Trinidad and TobagoYes
86%
Countries with official state religionsVatican CityYes
86%
Countries that have entirely abolished capital punishmentIndonesiaNo
85%
Countries with official state religionsUSANo
85%
Countries that generate nuclear powerVietnamNo
85%
Countries that have entirely abolished capital punishmentAustraliaYes
83%
Countries that generate nuclear powerFranceYes
83%
Countries with official state religionsGermanyNo
83%
Countries that have entirely abolished capital punishmentSwedenYes
83%
Countries with official state religionsChinaNo
82%
Countries that have entirely abolished capital punishmentIndiaNo
82%
Countries with a capital beginning with "Port" (or a variation)Antigua and BarbudaNo
80%
Countries that have entirely abolished capital punishmentGermanyYes
80%
Countries that have entirely abolished capital punishmentCanadaYes
79%
Countries that have entirely abolished capital punishmentFranceYes
79%
Countries with official state religionsIranYes
79%
Countries with a crescent on their flagChinaNo
77%
Countries that have entirely abolished capital punishmentSpainYes
75%
Countries that generate nuclear powerNorth KoreaYes
73%
Countries with official state religionsOmanYes
73%
Countries that generate nuclear powerGermanyYes
72%
Countries with official state religionsEthiopiaNo
70%
Countries with official state religionsSpainNo
70%
Countries with a crescent on their flagUzbekistanYes
69%
Countries with official state religionsAfghanistanYes
68%
Countries that generate nuclear powerTurkeyNo
68%
Countries with a crescent on their flagKazakhstanNo
66%
Countries with a crescent on their flagMalaysiaYes
66%
Countries with a crescent on their flagTurkmenistanYes
66%
Countries with a crescent on their flagMauritaniaYes
65%
Countries with official state religionsAlgeriaYes
63%
Countries that generate nuclear powerIranYes
63%
Countries with official state religionsIndiaNo
62%
Countries with a crescent on their flagSingaporeYes
62%
Countries with a capital beginning with "Port" (or a variation)BeninYes
59%
Countries with official state religionsEgyptYes
59%
Countries with a capital beginning with "Port" (or a variation)MauritiusYes
59%
Countries with a capital beginning with "Port" (or a variation)VanuatuYes
59%
Countries that generate nuclear powerAustraliaNo
55%
Countries that generate nuclear powerCanadaYes
55%
Countries that have entirely abolished capital punishmentJapanNo
54%
Countries with a crescent on their flagIranNo
52%
Countries with official state religionsThailandYes
42%
Countries that have entirely abolished capital punishmentSouth AfricaYes
24%
Countries with official state religionsLiechtensteinYes
23%
Countries that have entirely abolished capital punishmentTurkeyYes
18%
Countries that generate nuclear powerArgentinaYes
14%
Countries with official state religionsNorwayYes
11%
Countries with official state religionsDenmarkYes
7%

Score Distribution

Percentile by Number Answered

Percent of People with Each Score

Your Score History

You have not taken this quiz